| 000 | 00451nam a2200169Ia 4500 | ||
|---|---|---|---|
| 008 | 100303t1993 xxu||||| |||| 00| 0 sin d | ||
| 041 | _asin | ||
| 080 |
_aX8S31 _bPER |
||
| 100 | _aPerera, Yamuna Malani | ||
| 245 | _aගිමිහානයේ උයන්පල්ලා | ||
| 246 | _aGimhanaye Uyanpalla | ||
| 260 |
_bSara _aKottawa _c1993 |
||
| 300 | _a155p., 16 cm | ||
| 942 | _cBK | ||
| 999 |
_c70844 _d70844 |
||
| 003 | LK-CoDNM | ||
| 040 |
_aLK-CoDNM _dLK-CoDNM _eLK-CoDNM |
||